000 00329nam a22001337a 4500
008 250617b |||||||| |||| 00| 0 eng d
020 _a9780704957
050 _aP 143
_b.O 36
245 _aThe Study Of English Language
260 _aNP
_bAlliedmiero production
_c2018
300 _a226p
650 _aLinguistics
942 _cBK
999 _c3857
_d3857